Score 0/16 Timer 02:00
1 Play Today
Scrambled Song Answer % Correct
SIKS EMKiss Me
97.6%
AIMMIMiami
94.9%
UMEJPRJumper
94.2%
LAL RATSAll Star
92%
ERVEY RNIONGMEvery Morning
89.3%
SALT SKISLast Kiss
86.7%
LEAST YM SINESHUNSteal My Sunshine
83.4%
DAZEAMAmazed
79.2%
Scrambled Song Answer % Correct
ALBCK ALOLONBBlack Balloon
78.3%
MSERUM RIGLSSummer Girls
73.2%
VIBEEELBelieve
72.6%
GLEAN FO NIMEAngel of Mine
61.2%
CARS SUITESScar Tissue
57.7%
SAMBAOILBailamos
23.2%
TYPERUNTUnpretty
18.4%
ATONETURFFortunate
16.4%

You're not logged in!

Compare scores with friends on all Sporcle quizzes.
OR
Log In

Sporcle TV

Today on Sporcle TV


Watch our educational content, quiz creation guides, and fun videos on Sporcle TV.

Show Comments

Extras

Top Quizzes Today


Score Distribution

Paid Content

Your Account Isn't Verified!

In order to create a playlist on Sporcle, you need to verify the email address you used during registration. Go to your Sporcle Settings to finish the process.

Report this User

Report this user for behavior that violates our Community Guidelines.

Details: